[Event "37. Copenhagen Open (Politiken Cup)"]
[Site "Elsinore"]
[Date "2015.07.27"]
[Round "4"]
[White "Gaure, Sigurd Lauvas"]
[Black "Norlander, Svante"]
[Result "0-1"]
[WhiteElo "1406"]
[BlackElo "1705"]
[PlyCount "68"]
[EventDate "2015.07.25"]
[EventType "swiss"]
[EventRounds "10"]
[EventCountry "DEN"]
[Source "ChessBase"]
[SourceDate "2015.09.14"]

1. e4 c5 2. Nf3 d6 3. d4 cxd4 4. Nxd4 Nf6 5. Nc3 a6 6. Bc4 e6 7. O-O b5 8. Bb3
b4 9. Ba4+ Bd7 10. Bxd7+ Qxd7 11. Nce2 Nxe4 12. Qd3 Nc5 13. Qf3 d5 14. c4 bxc3
15. bxc3 Be7 16. c4 O-O 17. cxd5 exd5 18. Nf5 Bf6 19. Ned4 Ne4 20. Re1 a5 21.
Qg4 Bxd4 22. Bh6 g6 23. Qf3 Qxf5 24. Qd3 Bxf2+ 25. Kf1 Ng3+ 26. Qxg3 Bxg3+ 27.
Ke2 Re8+ 28. Kd2 Rxe1 29. Rxe1 Bxe1+ 30. Kxe1 Nc6 31. Kd2 Rb8 32. Kc3 d4+ 33.
Kd2 Rb2+ 34. Kd1 Qf1# 0-1

[Event "37. Copenhagen Open (Politiken Cup)"]
[Site "Elsinore"]
[Date "2015.07.27"]
[Round "4"]
[White "Glud, Jakob Vang"]
[Black "Hoi, Carsten"]
[Result "1-0"]
[WhiteElo "2531"]
[BlackElo "2383"]
[PlyCount "57"]
[EventDate "2015.07.25"]
[EventType "swiss"]
[EventRounds "10"]
[EventCountry "DEN"]
[Source "ChessBase"]
[SourceDate "2015.09.14"]

1. c4 g6 2. g3 Bg7 3. Bg2 Nf6 4. Nc3 O-O 5. d3 d6 6. Bg5 c6 7. Qd2 Nbd7 8. Nf3
e5 9. h4 h5 10. Bh6 a5 11. Bxg7 Kxg7 12. Ng5 Qe7 13. Rd1 Nb6 14. b3 Ng4 15. d4
f6 16. Nge4 f5 17. Qg5 Qc7 18. Nxd6 Qxd6 19. c5 Qc7 20. cxb6 Qxb6 21. Qe7+ Rf7
22. Na4 Qa6 23. Qc5 e4 24. Nb6 Rb8 25. d5 cxd5 26. Nxc8 b6 27. Qc3+ Nf6 28. Nd6
Rd7 29. Rxd5 1-0

[Event "37. Copenhagen Open (Politiken Cup)"]
[Site "Elsinore"]
[Date "2015.07.27"]
[Round "4"]
[White "Greeuw, Sietske"]
[Black "Andersen, Daniel"]
[Result "1-0"]
[WhiteElo "1989"]
[BlackElo "1766"]
[PlyCount "56"]
[EventDate "2015.07.25"]
[EventType "swiss"]
[EventRounds "10"]
[EventCountry "DEN"]
[Source "ChessBase"]
[SourceDate "2015.09.14"]

1. e4 c5 2. Nf3 d6 3. d4 cxd4 4. Nxd4 Nf6 5. Nc3 g6 6. Be2 a6 7. a4 Bd7 8. O-O
Nc6 9. Nb3 Na5 10. Nd4 Rc8 11. Re1 Bg7 12. Be3 Nc4 13. Bxc4 Rxc4 14. f3 O-O 15.
a5 Rb4 16. b3 e5 17. Nde2 Be6 18. Qd2 Qd7 19. Nd5 Rb5 20. Nec3 Bxd5 21. Nxb5
Bxe4 22. Nxd6 Bd5 23. Ne4 Qc6 24. Nxf6+ Bxf6 25. Rad1 Be6 26. c4 Bd8 27. Bh6
Qc5+ 28. Kh1 Bh4 1-0

[Event "37. Copenhagen Open (Politiken Cup)"]
[Site "Elsinore"]
[Date "2015.07.27"]
[Round "4"]
[White "Grigoriants, Sergey"]
[Black "Percivaldi, Martin"]
[Result "1/2-1/2"]
[WhiteElo "2594"]
[BlackElo "2310"]
[PlyCount "63"]
[EventDate "2015.07.25"]
[EventType "swiss"]
[EventRounds "10"]
[EventCountry "DEN"]
[Source "ChessBase"]
[SourceDate "2015.09.14"]

1. c4 Nf6 2. d4 c6 3. Bf4 d5 4. e3 a6 5. Nc3 e6 6. Rc1 Be7 7. h3 dxc4 8. Bxc4
b5 9. Be2 Bb7 10. Nf3 Nbd7 11. Ne5 O-O 12. Bf3 Qb6 13. Bg5 Bd6 14. Bxf6 Nxf6
15. Nd3 Rfc8 16. b4 a5 17. a3 Nd5 18. Ne4 Be7 19. Nec5 axb4 20. axb4 Ra3 21.
O-O Rca8 22. Qd2 Ra2 23. Rc2 Rxc2 24. Qxc2 Bxc5 25. Qxc5 Qxc5 26. Nxc5 Bc8 27.
Nd3 Bd7 28. Rc1 Be8 29. Bxd5 exd5 30. Nc5 Kf8 31. Nb7 Ra4 32. Rb1 1/2-1/2

[Event "37. Copenhagen Open (Politiken Cup)"]
[Site "Elsinore"]
[Date "2015.07.27"]
[Round "4"]
[White "Haldorsen, Benjamin"]
[Black "Delorme, Axel"]
[Result "0-1"]
[WhiteElo "2302"]
[BlackElo "2484"]
[PlyCount "82"]
[EventDate "2015.07.25"]
[EventType "swiss"]
[EventRounds "10"]
[EventCountry "DEN"]
[Source "ChessBase"]
[SourceDate "2015.09.14"]

1. e4 e5 2. Nf3 Nc6 3. Bb5 a6 4. Ba4 Nf6 5. O-O Be7 6. Re1 b5 7. Bb3 d6 8. c3
O-O 9. h3 Na5 10. Bc2 c5 11. d4 Nd7 12. Nbd2 exd4 13. cxd4 Nc6 14. a4 Rb8 15.
axb5 axb5 16. Nf1 cxd4 17. Nxd4 Nxd4 18. Qxd4 Ne5 19. Qd1 Bf6 20. Ne3 Nc4 21.
Qd3 Nxb2 22. Bxb2 Bxb2 23. Rab1 Be5 24. Nd5 Qh4 25. Rb4 g6 26. Rf1 Be6 27. Rxb5
Rxb5 28. Qxb5 Bxh3 29. Qd3 Be6 30. f4 Bg7 31. Ne3 Rc8 32. Qxd6 Rd8 33. Qb4 Bd4
34. Qe1 Qh6 35. Qg3 Rc8 36. Rd1 Bb6 37. Rb1 Ba7 38. Bd3 Rc3 39. Rb7 Bd4 40.
Rb8+ Kg7 41. Kf1 Rxd3 0-1

[Event "37. Copenhagen Open (Politiken Cup)"]
[Site "Elsinore"]
[Date "2015.07.27"]
[Round "4"]
[White "Halse, Iver"]
[Black "Neu, Alexandre"]
[Result "0-1"]
[WhiteElo "1560"]
[BlackElo "1741"]
[PlyCount "62"]
[EventDate "2015.07.25"]
[EventType "swiss"]
[EventRounds "10"]
[EventCountry "DEN"]
[Source "ChessBase"]
[SourceDate "2015.09.14"]

1. e4 c5 2. Nc3 e6 3. Nf3 a6 4. d4 cxd4 5. Nxd4 Qc7 6. Bd3 Nf6 7. Qe2 d6 8. Bg5
Nbd7 9. O-O-O Be7 10. Kb1 b5 11. f4 h6 12. Bh4 b4 13. Na4 Qa5 14. b3 Bb7 15.
Be1 Nc5 16. Nxc5 Qxc5 17. Nf3 O-O 18. Nd2 Rfc8 19. Bf2 Qc7 20. Rhg1 a5 21. g4
a4 22. g5 axb3 23. cxb3 Rxa2 24. Bd4 Ne8 25. gxh6 Bf6 26. Bxf6 Nxf6 27. Rxg7+
Kh8 28. Qg2 Ra1+ 29. Kxa1 Qc3+ 30. Kb1 Qxd3+ 31. Kb2 Qc2+ 0-1

[Event "37. Copenhagen Open (Politiken Cup)"]
[Site "Elsinore"]
[Date "2015.07.27"]
[Round "4"]
[White "Hansen, Anders1"]
[Black "Merkesvik, Amalie Isabel"]
[Result "1/2-1/2"]
[WhiteElo "1704"]
[BlackElo "1461"]
[PlyCount "107"]
[EventDate "2015.07.25"]
[EventType "swiss"]
[EventRounds "10"]
[EventCountry "DEN"]
[Source "ChessBase"]
[SourceDate "2015.09.14"]

1. b3 Nc6 2. Bb2 e5 3. e3 Nf6 4. Bb5 d6 5. d4 Bd7 6. Nc3 a6 7. dxe5 Nxe5 8.
Bxd7+ Qxd7 9. Nf3 Nc6 10. O-O Be7 11. Nd5 O-O-O 12. Nxe7+ Qxe7 13. Nd4 Qe4 14.
a3 h5 15. Re1 Nxd4 16. exd4 Qf4 17. g3 Qh6 18. Qd3 h4 19. Qf5+ Kb8 20. Bc1 Qg6
21. Qxg6 fxg6 22. Bg5 hxg3 23. hxg3 Rh5 24. Bd2 Rdh8 25. Kg2 Rh2+ 26. Kf3 d5
27. Re7 Rf8 28. Re2 Ne4+ 29. Ke3 Nxf2 30. Bb4 Re8+ 31. Kf3 Rxe2 32. Kxe2 Ne4+
33. Kd3 Rh3 34. Rf1 Rxg3+ 35. Ke2 Kc8 36. Rf8+ Kd7 37. Rf7+ Kc6 38. Rxg7 b6 39.
Be1 Rg2+ 40. Kf1 Rxc2 41. Rxg6+ Kb7 42. Rh6 Nd2+ 43. Ke2 Nxb3+ 44. Kd3 Rc6 45.
Rh5 Rd6 46. Kc3 Na5 47. Kd3 c5 48. dxc5 Rf6 49. cxb6 Kxb6 50. Bxa5+ Kxa5 51.
Rxd5+ Ka4 52. Kc3 Rf3+ 53. Kb2 Rf2+ 54. Kc3 1/2-1/2

[Event "37. Copenhagen Open (Politiken Cup)"]
[Site "Elsinore"]
[Date "2015.07.27"]
[Round "4"]
[White "Hansen, John Laurids"]
[Black "Walton, Alan J"]
[Result "0-1"]
[WhiteElo "1986"]
[BlackElo "2173"]
[PlyCount "62"]
[EventDate "2015.07.25"]
[EventType "swiss"]
[EventRounds "10"]
[EventCountry "DEN"]
[Source "ChessBase"]
[SourceDate "2015.09.14"]

1. e4 e6 2. d4 d5 3. Nc3 Nf6 4. e5 Nfd7 5. f4 c5 6. Nf3 Nc6 7. Be3 Be7 8. Be2
O-O 9. Qd2 f6 10. exf6 Bxf6 11. O-O cxd4 12. Nxd4 Nb6 13. Nxc6 bxc6 14. Bd4 Qc7
15. Qe3 Bxd4 16. Qxd4 c5 17. Qf2 Bd7 18. Qh4 Rf6 19. Rf3 Raf8 20. Raf1 Bc6 21.
R3f2 d4 22. Nb5 Bxb5 23. Bxb5 Nd5 24. Bd3 h6 25. g3 Ne3 26. Rc1 c4 27. Be4 e5
28. Rd2 exf4 29. Rxd4 Qb6 30. c3 fxg3 31. hxg3 Qxb2 0-1

[Event "37. Copenhagen Open (Politiken Cup)"]
[Site "Elsinore"]
[Date "2015.07.27"]
[Round "4"]
[White "Hansen, Max"]
[Black "Rossen, Claus"]
[Result "1/2-1/2"]
[WhiteElo "2025"]
[BlackElo "2193"]
[PlyCount "44"]
[EventDate "2015.07.25"]
[EventType "swiss"]
[EventRounds "10"]
[EventCountry "DEN"]
[Source "ChessBase"]
[SourceDate "2015.09.14"]

1. d4 Nf6 2. Nf3 g6 3. c4 Bg7 4. Nc3 d5 5. g3 O-O 6. Bg2 c5 7. dxc5 Qa5 8. O-O
dxc4 9. Qa4 Qxa4 10. Nxa4 Bd7 11. Nc3 Bc6 12. Ne5 Bxg2 13. Kxg2 Nfd7 14. Nxc4
Nxc5 15. Be3 Bxc3 16. Bxc5 Bf6 17. Ba3 Nc6 18. Rac1 Rac8 19. Ne3 Rfd8 20. Rfd1
e6 21. Rxd8+ Rxd8 22. Rd1 Rd4 1/2-1/2

[Event "37. Copenhagen Open (Politiken Cup)"]
[Site "Elsinore"]
[Date "2015.07.27"]
[Round "4"]
[White "Hansen, Sune Berg"]
[Black "Christiansen, Johan Sebastian"]
[Result "1-0"]
[WhiteElo "2566"]
[BlackElo "2409"]
[PlyCount "61"]
[EventDate "2015.07.25"]
[EventType "swiss"]
[EventRounds "10"]
[EventCountry "DEN"]
[Source "ChessBase"]
[SourceDate "2015.09.14"]

1. d4 d5 2. Nf3 Nf6 3. c4 dxc4 4. Nc3 a6 5. e4 b5 6. e5 Nd5 7. a4 e6 8. axb5
Nb6 9. Be3 Qd7 10. bxa6 Nxa6 11. Nd2 Qc6 12. Be2 Rb8 13. O-O Nb4 14. b3 Bb7 15.
Bf3 N4d5 16. bxc4 Nxc4 17. Nxd5 exd5 18. Nxc4 Qxc4 19. Qb1 Qc6 20. Rc1 Qd7 21.
Ra7 Qc8 22. h3 h5 23. Qb3 Bc6 24. Qc2 Rb6 25. Bxd5 Bxd5 26. Rxc7 Qa6 27. Rc8+
Ke7 28. Qf5 Bc6 29. Rc7+ Ke8 30. Qxf7+ Kd8 31. Bg5+ 1-0

[Event "37. Copenhagen Open (Politiken Cup)"]
[Site "Elsinore"]
[Date "2015.07.27"]
[Round "4"]
[White "Hansson, Fredrik"]
[Black "Larsen, Ole Bogh"]
[Result "1-0"]
[WhiteElo "2036"]
[BlackElo "2203"]
[PlyCount "75"]
[EventDate "2015.07.25"]
[EventType "swiss"]
[EventRounds "10"]
[EventCountry "DEN"]
[Source "ChessBase"]
[SourceDate "2015.09.14"]

1. e4 c5 2. c3 e6 3. d4 d5 4. exd5 exd5 5. Nf3 Nc6 6. Bb5 c4 7. O-O Bd6 8. b3
cxb3 9. axb3 Nge7 10. Re1 O-O 11. Nbd2 Ng6 12. Nf1 h6 13. Ne3 Be6 14. Bf1 Qd7
15. c4 Bb4 16. Bd2 Rfd8 17. Bxb4 Nxb4 18. Qd2 Nc6 19. c5 a6 20. g3 Bh3 21. Bxh3
Qxh3 22. b4 Rab8 23. Reb1 Qe6 24. b5 axb5 25. Rxb5 f5 26. Ng2 Qe4 27. Rb3 f4
28. Re1 Qf5 29. gxf4 Rf8 30. Ne5 Rbe8 31. Rxb7 Nxf4 32. Qxf4 Qxf4 33. Nxf4 Nxd4
34. Nfd3 Rf5 35. f4 g5 36. Kf2 gxf4 37. Rg1+ Kh8 38. Ng6+ 1-0

[Event "37. Copenhagen Open (Politiken Cup)"]
[Site "Elsinore"]
[Date "2015.07.27"]
[Round "4"]
[White "Haria, Ravi"]
[Black "Antonsen, Mikkel"]
[Result "1/2-1/2"]
[WhiteElo "2261"]
[BlackElo "2469"]
[PlyCount "48"]
[EventDate "2015.07.25"]
[EventType "swiss"]
[EventRounds "10"]
[EventCountry "DEN"]
[Source "ChessBase"]
[SourceDate "2015.09.14"]

1. Nf3 Nf6 2. g3 g6 3. Bg2 Bg7 4. d4 d5 5. c4 c6 6. O-O O-O 7. cxd5 cxd5 8. Nc3
Ne4 9. Ne5 Bf5 10. Qb3 Nc6 11. Nxc6 bxc6 12. Rd1 Qb6 13. Nxe4 Bxe4 14. Bxe4
dxe4 15. Be3 Qxb3 16. axb3 Rfb8 17. Ra3 Rb4 18. Rc1 Bxd4 19. Bxd4 Rxd4 20. Rxc6
Rd1+ 21. Kg2 Rd2 22. Rc7 Rxe2 23. Kf1 Rxb2 24. Rxe7 a6 1/2-1/2

[Event "37. Copenhagen Open (Politiken Cup)"]
[Site "Elsinore"]
[Date "2015.07.27"]
[Round "4"]
[White "Hartung Nielsen, Jens"]
[Black "Andersen, Rune Egede"]
[Result "0-1"]
[WhiteElo "2212"]
[BlackElo "2028"]
[PlyCount "74"]
[EventDate "2015.07.25"]
[EventType "swiss"]
[EventRounds "10"]
[EventCountry "DEN"]
[Source "ChessBase"]
[SourceDate "2015.09.14"]

1. d4 d5 2. c4 dxc4 3. e3 e5 4. Bxc4 exd4 5. exd4 Nf6 6. Nf3 Bd6 7. O-O O-O 8.
Nc3 Nc6 9. h3 h6 10. Be3 Bf5 11. Rc1 a6 12. a3 Re8 13. Re1 Qd7 14. Bf1 Rad8 15.
g4 Nxg4 16. hxg4 Bxg4 17. Bg2 Qf5 18. Kf1 Qh5 19. Ke2 Bh2 20. Kf1 Rd6 21. Nb1
f5 22. Qb3+ Kh8 23. Nxh2 Qxh2 24. Bd2 Be2+ 25. Rxe2 Rxe2 26. Qf7 Rf6 27. Qd7
Re7 28. Qc8+ Kh7 29. Qxb7 Rg6 30. Qxc6 Rxc6 31. Rxc6 f4 32. Nc3 f3 33. Bxf3
Qh3+ 34. Bg2 Qd3+ 35. Kg1 Qxd2 36. Nd5 Re1+ 37. Kh2 Qxf2 0-1

[Event "37. Copenhagen Open (Politiken Cup)"]
[Site "Elsinore"]
[Date "2015.07.27"]
[Round "4"]
[White "Harvey, Marcus Ross"]
[Black "Slettebo, Jan"]
[Result "1-0"]
[WhiteElo "2320"]
[BlackElo "2006"]
[PlyCount "51"]
[EventDate "2015.07.25"]
[EventType "swiss"]
[EventRounds "10"]
[EventCountry "DEN"]
[Source "ChessBase"]
[SourceDate "2015.09.14"]

1. g3 e5 2. c4 Nc6 3. Bg2 f5 4. Nc3 Nf6 5. d3 Bb4 6. Bd2 d6 7. a3 Bxc3 8. Bxc3
O-O 9. b4 Qe7 10. Nf3 e4 11. Nd4 Ne5 12. O-O c5 13. Nc2 Rd8 14. Ne3 d5 15. cxd5
Nxd5 16. Nxd5 Rxd5 17. Qc2 Nxd3 18. exd3 Rxd3 19. f3 c4 20. Rae1 e3 21. f4 Be6
22. Re2 Rad8 23. Rfe1 Bf7 24. Qc1 Re8 25. Be5 Qd7 26. Rxe3 1-0

[Event "37. Copenhagen Open (Politiken Cup)"]
[Site "Elsinore"]
[Date "2015.07.27"]
[Round "4"]
[White "Haubro, Martin"]
[Black "Maze, Sebastien"]
[Result "1-0"]
[WhiteElo "2382"]
[BlackElo "2575"]
[PlyCount "85"]
[EventDate "2015.07.25"]
[EventType "swiss"]
[EventRounds "10"]
[EventCountry "DEN"]
[Source "ChessBase"]
[SourceDate "2015.09.14"]

1. e4 e5 2. Nf3 Nc6 3. Bb5 a6 4. Ba4 Nf6 5. O-O Be7 6. Re1 b5 7. Bb3 O-O 8. c3
d6 9. h3 Nd7 10. d4 Bf6 11. a4 Bb7 12. d5 Ne7 13. Bc2 Qb8 14. Nbd2 c6 15. dxc6
Bxc6 16. Nf1 g6 17. Bh6 Bg7 18. Qd2 Rd8 19. axb5 axb5 20. Rxa8 Bxa8 21. N1h2 f6
22. Ng4 Bxh6 23. Qxh6 Kh8 24. Bb3 Rf8 25. Qh4 Ng8 26. Nh6 Nxh6 27. Qxh6 Nc5 28.
Nh4 Nxb3 29. Nxg6+ Kg8 30. Re3 Rf7 31. Rg3 Qe8 32. Nxe5+ Kh8 33. Nxf7+ Qxf7 34.
Rf3 Qg7 35. Qxf6 Qxf6 36. Rxf6 Bxe4 37. Rxd6 Kg7 38. f3 Bg6 39. g4 Bf7 40. Kf2
Nc5 41. Ke3 Na4 42. Rd2 Nb6 43. Kd4 1-0

[Event "37. Copenhagen Open (Politiken Cup)"]
[Site "Elsinore"]
[Date "2015.07.27"]
[Round "4"]
[White "Haug, Johannes"]
[Black "Winfridsson, Hakan"]
[Result "0-1"]
[WhiteElo "2236"]
[BlackElo "2038"]
[PlyCount "104"]
[EventDate "2015.07.25"]
[EventType "swiss"]
[EventRounds "10"]
[EventCountry "DEN"]
[Source "ChessBase"]
[SourceDate "2015.09.14"]

1. e4 c5 2. Nf3 Nc6 3. Bb5 Nf6 4. Bxc6 dxc6 5. d3 Bg4 6. Qe2 e6 7. Nbd2 Be7 8.
h3 Bh5 9. Nf1 Qc7 10. Ng3 Bg6 11. Bd2 Nd7 12. Bc3 Bf6 13. Bxf6 Nxf6 14. O-O-O
O-O-O 15. Kb1 Nd7 16. e5 Kb8 17. Qe3 Rhe8 18. h4 b6 19. Rhe1 h6 20. h5 Bh7 21.
Rh1 Nf8 22. Rh4 Bf5 23. Qf4 g5 24. hxg6 Nxg6 25. Qe3 Nxh4 26. Nxh4 Rd5 27. f4
Bg4 28. Rh1 Red8 29. Ne4 h5 30. Nf3 c4 31. Ne1 cxd3 32. Nxd3 c5 33. a3 Rd4 34.
Nd6 R8xd6 35. exd6 Qxd6 36. Rc1 f6 37. g3 Bf5 38. Qe2 Rxd3 39. Qxh5 Rxg3 40.
Qe8+ Kb7 41. Qf7+ Ka6 42. Qe8 Qd5 43. Qc8+ Qb7 44. Qe8 Qe4 45. Ka2 e5 46. c4
exf4 47. Qa4+ Kb7 48. Rd1 Rd3 49. Rg1 Rd7 50. Rg8 Qb1+ 51. Kb3 Bc2+ 52. Kc3
Rd3# 0-1

[Event "37. Copenhagen Open (Politiken Cup)"]
[Site "Elsinore"]
[Date "2015.07.27"]
[Round "4"]
[White "Haugaard, Thomas"]
[Black "Andreassen, Mikkel"]
[Result "0-1"]
[WhiteElo "1707"]
[BlackElo "1954"]
[PlyCount "136"]
[EventDate "2015.07.25"]
[EventType "swiss"]
[EventRounds "10"]
[EventCountry "DEN"]
[Source "ChessBase"]
[SourceDate "2015.09.14"]

1. d4 d5 2. c4 c6 3. Nf3 Nf6 4. e3 e6 5. Nc3 Nbd7 6. Qc2 Bd6 7. Bd3 O-O 8. O-O
b6 9. e4 dxe4 10. Nxe4 Qc7 11. Nxd6 Qxd6 12. Bg5 Bb7 13. Rad1 c5 14. dxc5 Qxc5
15. Be3 Qc6 16. Ne1 h6 17. f3 Nc5 18. b3 e5 19. Bxc5 Qxc5+ 20. Qf2 Qc7 21. Nc2
Rad8 22. Rfe1 Rfe8 23. Ne3 Nh5 24. Be4 Bxe4 25. fxe4 Nf4 26. Nd5 Nxd5 27. exd5
e4 28. Qd4 Qe5 29. b4 f5 30. c5 bxc5 31. bxc5 Qxd4+ 32. Rxd4 Re5 33. c6 Rexd5
34. Rc4 Kf7 35. Rb1 Re5 36. c7 Rc8 37. Kf1 Re7 38. Rb7 a5 39. Rc5 g6 40. g3 a4
41. Ke2 Ke8 42. Rc6 Kf7 43. Rc5 Rd7 44. Rc6 a3 45. Rc5 Ke6 46. Rb6+ Rd6 47. Rb7
Kd7 48. Ra7 Rd3 49. Rb7 Kd6 50. Rc2 Kd7 51. Rc5 Rd6 52. Ke3 Rc6 53. Rd5+ Ke6
54. Ra5 R8xc7 55. Rxc7 Rxc7 56. Rxa3 Rc2 57. h4 Kd5 58. Ra6 Rc3+ 59. Kf2 Rc6
60. Ra8 g5 61. a4 gxh4 62. gxh4 Rc2+ 63. Ke3 Rc3+ 64. Kd2 Rd3+ 65. Ke2 Ke5 66.
Ra6 Rd6 67. Ra8 Kf4 68. a5 Kg4 0-1

[Event "37. Copenhagen Open (Politiken Cup)"]
[Site "Elsinore"]
[Date "2015.07.27"]
[Round "4"]
[White "Haugland, Rasmus L"]
[Black "Roksvold, Thore"]
[Result "1-0"]
[WhiteElo "1884"]
[BlackElo "1629"]
[PlyCount "85"]
[EventDate "2015.07.25"]
[EventType "swiss"]
[EventRounds "10"]
[EventCountry "DEN"]
[Source "ChessBase"]
[SourceDate "2015.09.14"]

1. d4 e6 2. e4 d5 3. Nc3 dxe4 4. Nxe4 Nd7 5. Nf3 Ngf6 6. Bg5 Be7 7. Bxf6 Nxf6
8. Nxf6+ Bxf6 9. c3 O-O 10. Qc2 g6 11. h4 Bg7 12. Bd3 f5 13. O-O-O h6 14. Kb1
a5 15. Bc4 Kh7 16. d5 Qf6 17. dxe6 Re8 18. Ng5+ Kh8 19. Qe2 Bf8 20. Rde1 Kg7
21. Nf3 Re7 22. Nd4 c5 23. Nb5 b6 24. Nd6 Bb7 25. Nxb7 Rxb7 26. Bd5 Raa7 27.
Bxb7 Rxb7 28. Rh3 Be7 29. h5 g5 30. Rd3 Rb8 31. Rd7 Re8 32. Rb7 Kf8 33. Rxb6
Bd8 34. e7+ Qxe7 35. Qxe7+ Rxe7 36. Rxe7 Kxe7 37. Rxh6 Kf7 38. Rc6 Kg7 39. Kc2
c4 40. Kd2 f4 41. Ke2 Kh7 42. Kf3 a4 43. Rxc4 1-0

[Event "37. Copenhagen Open (Politiken Cup)"]
[Site "Elsinore"]
[Date "2015.07.27"]
[Round "4"]
[White "Hector, Jonny"]
[Black "Aabling Thomsen, Jakob"]
[Result "0-1"]
[WhiteElo "2485"]
[BlackElo "2333"]
[PlyCount "142"]
[EventDate "2015.07.25"]
[EventType "swiss"]
[EventRounds "10"]
[EventCountry "DEN"]
[Source "ChessBase"]
[SourceDate "2015.09.14"]

1. e4 c5 2. Nf3 d6 3. d4 cxd4 4. Nxd4 Nf6 5. Nc3 g6 6. Bc4 Bg7 7. O-O O-O 8.
Re1 Bg4 9. f3 Bd7 10. Bg5 Nc6 11. Nxc6 Bxc6 12. Kh1 Rc8 13. Qe2 Qa5 14. Bd2 Qc7
15. Bb3 Nd7 16. Qf2 Nc5 17. Qh4 Rfe8 18. Bh6 Bh8 19. Re3 e6 20. Rd1 Nxb3 21.
axb3 d5 22. exd5 exd5 23. Red3 d4 24. Rxd4 Bxd4 25. Qxd4 Qe5 26. Qd2 f6 27. Bf4
Qe6 28. h3 Re7 29. Qf2 a6 30. Kh2 Rce8 31. Bg3 Rd7 32. Rc1 Kg7 33. Qf1 Qf5 34.
Qf2 h5 35. h4 g5 36. hxg5 fxg5 37. Re1 Rxe1 38. Qxe1 h4 39. Bb8 Kh7 40. Qe8 Qg6
41. Qe2 Rg7 42. Nd1 Rg8 43. Bc7 Qf7 44. Qd3+ Rg6 45. Be5 Qd5 46. Qxd5 Bxd5 47.
Ne3 Be6 48. Kg1 Rg8 49. Kf2 Kg6 50. b4 Rf8 51. Ke2 Kh5 52. c4 g4 53. fxg4+
Bxg4+ 54. Kd3 Rf2 55. Ke4 Bd7 56. Kd5 Bc6+ 57. Kc5 Bxg2 58. Nxg2 Rxg2 59. Kb6
h3 60. Kxb7 Rxb2 61. Kxa6 Rxb4 62. c5 Kg5 63. c6 Kf5 64. Bd6 Rc4 65. Kb5 Ke6
66. Bg3 Rc3 67. Bf4 Rf3 68. Bh2 Rf2 69. Bg3 h2 70. c7 Rb2+ 71. Ka6 Kd7 0-1

[Event "37. Copenhagen Open (Politiken Cup)"]
[Site "Elsinore"]
[Date "2015.07.27"]
[Round "4"]
[White "Hedin, Niclas"]
[Black "Djurhuus, Eivind X"]
[Result "0-1"]
[WhiteElo "1922"]
[BlackElo "2149"]
[PlyCount "52"]
[EventDate "2015.07.25"]
[EventType "swiss"]
[EventRounds "10"]
[EventCountry "DEN"]
[Source "ChessBase"]
[SourceDate "2015.09.14"]

1. d4 e6 2. c4 f5 3. Nc3 Nf6 4. Nf3 Bb4 5. Qc2 c5 6. e3 O-O 7. Bd2 b6 8. a3
Bxc3 9. Bxc3 Bb7 10. Bd3 Ne4 11. O-O d6 12. Be1 Nd7 13. Nd2 Nxd2 14. Bxd2 Qh4
15. dxc5 Bxg2 16. Kxg2 Qg4+ 17. Kh1 Qf3+ 18. Kg1 Rf6 19. Rfd1 Rg6+ 20. Kf1 Rg2
21. Bc3 Rxh2 22. Ke1 Nxc5 23. Bf1 Ne4 24. Rd2 Rh1 25. Qd1 Rxf1+ 26. Kxf1 Ng3+
0-1

[Event "37. Copenhagen Open (Politiken Cup)"]
[Site "Elsinore"]
[Date "2015.07.27"]
[Round "4"]
[White "Hein, Jacob"]
[Black "Halvorsen, Benjamin"]
[Result "0-1"]
[WhiteElo "1441"]
[BlackElo "1728"]
[PlyCount "72"]
[EventDate "2015.07.25"]
[EventType "swiss"]
[EventRounds "10"]
[EventCountry "DEN"]
[Source "ChessBase"]
[SourceDate "2015.09.14"]

1. c4 e5 2. g3 Nf6 3. Bg2 d5 4. cxd5 Nxd5 5. Nf3 Nc6 6. Nc3 Be6 7. Qa4 f6 8. d4
Qd7 9. dxe5 Bb4 10. Bd2 Nb6 11. Qc2 fxe5 12. Rd1 O-O-O 13. Bg5 Bxc3+ 14. bxc3
Qxd1+ 15. Qxd1 Rxd1+ 16. Kxd1 Bxa2 17. Kc2 Bc4 18. e3 h6 19. Bh3+ Kb8 20. Nxe5
Nxe5 21. Bf4 Nd3 22. Rg1 g5 23. Be6 Bxe6 24. Kxd3 gxf4 25. gxf4 a5 26. e4 a4
27. Kc2 a3 28. f5 Bc4 29. f4 Rf8 30. Rg6 a2 31. Kb2 Na4+ 32. Ka1 Rd8 33. Rg1
Nxc3 34. Rc1 Rd1 35. Rxd1 Nxd1 36. e5 Ne3 0-1

[Event "37. Copenhagen Open (Politiken Cup)"]
[Site "Elsinore"]
[Date "2015.07.27"]
[Round "4"]
[White "Heinis, Vincent"]
[Black "Torkilseng, Runar"]
[Result "1-0"]
[WhiteElo "2094"]
[BlackElo "1792"]
[PlyCount "93"]
[EventDate "2015.07.25"]
[EventType "swiss"]
[EventRounds "10"]
[EventCountry "DEN"]
[Source "ChessBase"]
[SourceDate "2015.09.14"]

1. e4 c6 2. d4 d5 3. e5 Bf5 4. Nf3 e6 5. Be2 c5 6. Be3 cxd4 7. Nxd4 Ne7 8. O-O
Nbc6 9. c4 Nxd4 10. Bxd4 Nc6 11. cxd5 Qxd5 12. Bf3 Qd7 13. Be3 Qxd1 14. Rxd1
Be7 15. Nc3 O-O 16. Rd7 Rfe8 17. Bf4 Rad8 18. Rxb7 Nd4 19. Bd1 Bc5 20. Na4 Bf8
21. Rxa7 Rb8 22. Rc1 Rec8 23. Rxc8 Rxc8 24. Nc3 Rb8 25. Ra4 Bb4 26. h3 h6 27.
Be3 Bxc3 28. bxc3 Nc6 29. Bf3 Nxe5 30. Be2 Rb1+ 31. Kh2 Rb2 32. Bf1 Rb1 33. Be2
Rb2 34. Bf1 Rb1 35. Ra8+ Kh7 36. Be2 Rb2 37. Bf1 Rb1 38. Be2 Rb2 39. Bf1 Rb1
40. Ba6 Be4 41. Ra7 Kg6 42. a4 Rb8 43. Bf4 f6 44. Bb5 Rd8 45. Bxe5 fxe5 46. Rc7
Kf6 47. a5 1-0

[Event "37. Copenhagen Open (Politiken Cup)"]
[Site "Elsinore"]
[Date "2015.07.27"]
[Round "4"]
[White "Helin, Mikael"]
[Black "Vatnestrom, Leo Andreas Giske"]
[Result "1-0"]
[WhiteElo "1896"]
[BlackElo "1628"]
[PlyCount "71"]
[EventDate "2015.07.25"]
[EventType "swiss"]
[EventRounds "10"]
[EventCountry "DEN"]
[Source "ChessBase"]
[SourceDate "2015.09.14"]

1. e4 g6 2. Nc3 Bg7 3. g3 c5 4. Bg2 Nc6 5. d3 Rb8 6. Bf4 d6 7. Bc1 b5 8. f4 b4
9. Nd5 e6 10. Ne3 Nge7 11. h3 a5 12. Rb1 Bd7 13. g4 Nd4 14. Ne2 Nec6 15. Ng3
Nb5 16. g5 h6 17. h4 hxg5 18. hxg5 Rxh1+ 19. Bxh1 Ncd4 20. Qg4 f6 21. c3 f5 22.
Qh4 bxc3 23. Qh7 Kf7 24. exf5 exf5 25. Bd5+ Be6 26. Ngxf5 Nxf5 27. Nxf5 gxf5
28. Qxf5+ Ke8 29. Qxe6+ Qe7 30. bxc3 Qxe6+ 31. Bxe6 Bxc3+ 32. Kf2 Bb4 33. Bb2
Bd2 34. Bf6 Bb4 35. Rh1 Be1+ 36. Kxe1 1-0